| 000 | 00437nam a2200181Ia 4500 | ||
|---|---|---|---|
| 005 | 20250603145630.0 | ||
| 008 | 250603s9999 xx 000 0 und d | ||
| 020 | _a0-07-058189-4 | ||
| 050 | _aLB 2367 .G84/ | ||
| 100 | _aGuha, Abhijit | ||
| 245 | 0 | _aQuantitative aptitude for competitive examination | |
| 250 | _a3rd ed. | ||
| 260 | _aNew Delhi | ||
| 260 | _bMcGraw-Hill | ||
| 260 | _c2004 | ||
| 650 | _aNew Delhi | ||
| 942 | _cBK | ||
| 999 |
_c42400 _d42400 |
||